000 00977nam a22001817a 4500
999 _c63624
_d63624
003 Ge_BSU
005 20251117174039.0
008 251117s1975 ge ||||| |||| 00| 0 geo d
041 _ageo
080 _a338(1-662)(09)(075.8) ა-27
100 _aადვაძე, ვალერიან
_926244
245 _aკაპიტალისტური ქვეყნების ეკონომიკური ისტორია :
_b[სახელმძღვ. ეკონომ. ფაკ-ტების სტუდენტებისათვის] /
_cვალერიან ადვაძე.
264 _aთბილისი :
_bთბილ. უნ-ტის გამ-ბა,
_c1975.
300 _a333 გვ. ;
_b21 სმ.
501 _aლიტ. სია: გვ. 332-333.
653 _aკაპიტალისტური ქვეყნების ეკონომიკის ისტორია
942 _2udc
_cᲬᲘᲒᲜᲘ